| 000 | 00606nam a22001937a 4500 | ||
|---|---|---|---|
| 999 |
_c169558 _d169558 |
||
| 005 | 20191122165228.0 | ||
| 010 | _aUR-10608 | ||
| 020 |
_c400.00 _a9788194163343 |
||
| 035 | _aU-9163 | ||
| 037 |
_bDBAD/PUB _a- |
||
| 082 | _a841 | ||
| 100 | _aعمر فر حت | ||
| 245 |
_aز ميں ز ا د _cعمر فر حت |
||
| 246 |
_bZameen Zaad (Urdu) _aby Umar Farhat |
||
| 260 |
_aDelhi _bEducational Publishing House _c2019 ء |
||
| 270 |
_a3191,Vakil Street, Kucha Pandit,Lal Kuan, _bDelhi _e110006 _k01123216162 _l- |
||
| 300 |
_a125 ص _c22 Cm(Hb) |
||
| 942 |
_2ddc _cUR _h841 _mع م ر |
||